A megyék üdvözlik Szent-Györgyi professzort

[Rövid hír]

Elmentve itt :
Bibliográfiai részletek
Dokumentumtípus: Cikk
Megjelent: 1937-11-11
Sorozat:Délmagyarország 13 No. 257
Kulcsszavak:Győr-Moson-Sopron vármegye, Csongrád vármegye, Pelnitzky Lipót főispán, Kozma György főispán, Nobel-díj 1937
Online Access:http://misc.bibl.u-szeged.hu/71700
LEADER 00711nab a2200181 i 4500
001 misc71700
005 20240312113633.0
008 240312s1937 hu o 000 hun d
040 |a SZTE Miscellanea Repozitórium  |b hun 
041 |a hun 
245 0 2 |a A megyék üdvözlik Szent-Györgyi professzort  |h [elektronikus dokumentum] 
260 |c 1937-11-11 
300 |a 2 
490 0 |a Délmagyarország  |v 13 No. 257 
520 3 |a [Rövid hír] 
561 |a Szent-Györgyi Albertről szóló irodalom 
695 |a Győr-Moson-Sopron vármegye, Csongrád vármegye, Pelnitzky Lipót főispán, Kozma György főispán, Nobel-díj 1937 
856 4 0 |u http://misc.bibl.u-szeged.hu/71700/1/szgya_dm_1937_11_11_02.pdf  |z Dokumentum-elérés